| 000 | 00000nam 2200000zi 4500 |
| 001 | 9.931350 |
| 003 | CaOODSP |
| 005 | 20240130102846 |
| 006 | m o d f |
| 007 | cr |n||||||||| |
| 008 | 231211s2018 onc ob f000 0 eng d |
| 040 | |aCaOODSP|beng|erda|cCaOODSP |
| 043 | |an-cn--- |
| 086 | 1 |aNG21-17/2018E-PDF |
| 245 | 00|aAcquisitions policy. |
| 246 | 37|aNational Gallery of Canada – acquisitions policy |
| 264 | 1|a[Ottawa] : |bNational Gallery of Canada = Musée des beaux-arts du Canada, |c[2018] |
| 300 | |a1 online resource (10 pages) |
| 336 | |atext|btxt|2rdacontent |
| 337 | |acomputer|bc|2rdamedia |
| 338 | |aonline resource|bcr|2rdacarrier |
| 500 | |aCover title. |
| 500 | |a"This policy was approved by the Board of Trustees on March 20, 2018."--cover page. |
| 500 | |aIssued also in French under title: La politique d'acquisition. |
| 504 | |aIncludes bibliographical references (page 10). |
| 610 | 20|aNational Gallery of Canada|xManagement. |
| 650 | 0|aArt museums|xCollection management|zCanada. |
| 650 | 0|aArt museums|xCuratorship|zCanada. |
| 710 | 2 |aNational Gallery of Canada, |eissuing body. |
| 775 | 08|tLa politique d'acquisition.|w(CaOODSP)9.931351 |
| 856 | 40|qPDF|s639 KB|uhttps://publications.gc.ca/collections/collection_2023/mbac-ngc/NG21-17-2018-eng.pdf |